01444nam a22003857a 4500003000500000005001700005008004100022010001000063011001000073035001000083040000900093082002200102245009400124250002800218260003300246300001100279490002800290590004100318590004100359590004100400590004100441590004200482650003600524650003800560650004000598700003200638700003700670710005200707830002700759901000700786942001000793949008400803999001700887952015400904CHAP20220817042902.0971013s1993 r 00010 d a58820 a59792 a63952 cCHAP a636.0803bD5 1993 aDictionary of animal production terminology in english, french, german, spanish and latin a2 ed. rev. and enlarged aAmsterdam :bElsevier,c1993 a656 p. aEAAP. Publicationv; 60 aBATCH-UPDb10c20130110lUCH01h0400 aBATCH-UPDb10c20130110lUCH01h2129 aBATCH-UPDb10c20130410lUCH01h0033 aBATCH-UPDb10c20130914lUCH01h1201 aCONVERSIONb10c20130109lUCH01h133214aDiccionario políglota.93244614aGanaderíaxDiccionarios.94468414aGanaderíaxTerminología.9448530 aOllivier, Louiseed.9831600 aStraszewska, Sophieeed.91099560 aEuropean Association for Animal Productioneed.0 aEAAP Publicationv; 60 aBK cLIBRO a636.0803 D53 1993bBCcCd33724000616173eCgI.180767h89961i63952sit2475.00 c58820d58820 00102ddc4051708CaBCbBCcPA_CONSULTAd2019-12-31eI.180767fLIBROl0o636.0803 D53 1993p33724000616173r2019-12-31 00:00:00w2019-12-31yLIBRO